000 00451cam a2200145ua 4500
041 _aeng
_h
082 _a596.04
_bBEE/VE
100 _aBeer, Gavin .
245 _aVertebrate zoology:introduction to the comparative anatomy embriology and evolution of chordate animals /
_cGavin Beer.
_hTextual Documents
260 _aLondon :
_bSidgwick & Jackson Ltd ,
_c1962.
300 _a435 :
_b506 ; .
504 _a
942 _cBK
999 _c10506
_d10506